| Tag |
First Indicator |
Second Indicator |
Subfields |
| LEADER |
00000pam a2200000 a 4500 |
| 001 |
in00004456049 |
| 005 |
20191202121246.0 |
| 008 |
850823s1986 enka b 00100 eng d |
| 010 |
|
|
|a 85021355
|
| 020 |
|
|
|a 0521321174
|
| 035 |
|
|
|a (OCoLC)12558020
|
| 035 |
|
|
|9 AAB1391MS
|
| 035 |
|
|
|z (UtOrBLW)4411
|
| 035 |
|
|
|a 6675
|
| 040 |
|
|
|a DNLM/DLC
|c DLC
|d TMV
|d UtOrBLW
|
| 049 |
|
|
|a TMVM
|c 1
|
| 050 |
1 |
0 |
|a RC268.3
|b .R43 1986
|
| 059 |
|
|
|l MS/BOOK STKS
|v 3
|y 2
|t BOOK
|k CIRCULATING
|i 3238900251987
|n NL
|a QZ 267
|b R295 1986
|
| 060 |
|
0 |
|a QZ 267
|b R295 1986
|
| 245 |
0 |
0 |
|a Receptors in tumour biology /
|c edited by C.M. Chadwick.
|
| 264 |
|
1 |
|a Cambridge ;
|a New York :
|b Cambridge University Press,
|c 1986.
|
| 300 |
|
|
|a xiii, 257 pages :
|b illustrations ;
|c 24 cm.
|
| 336 |
|
|
|a text
|2 rdacontent
|b txt
|
| 337 |
|
|
|a unmediated
|2 rdamedia
|
| 338 |
|
|
|a volume
|2 rdacarrier
|b nc
|
| 490 |
1 |
|
|a Intercellular and intracellular communication ;
|v 2
|
| 504 |
|
|
|a Includes bibliographies and index.
|
| 650 |
|
2 |
|a Neoplasms
|x drug therapy.
|
| 650 |
|
2 |
|a Neoplasms
|x physiopathology.
|
| 650 |
|
2 |
|a Neoplasm Metastasis
|x physiopathology.
|
| 650 |
|
2 |
|a Receptors, Drug
|x physiology.
|
| 650 |
|
2 |
|a Receptors, Cell Surface
|x physiology.
|
| 700 |
1 |
|
|a Chadwick, C. M.
|q (Christopher Michael)
|
| 830 |
|
0 |
|a Intercellular and intracellular communication ;
|v 2.
|
| 940 |
|
|
|a copy plain
|
| 999 |
|
|
|a MARS
|
| 999 |
f |
f |
|s 479e6881-1ec4-373c-bfd8-f219c1bd01f7
|i 579a96fe-e3d1-398e-a1d0-2ce0159124fc
|t 0
|
| 952 |
f |
f |
|p ric
|a Texas A&M University
|b Rellis Campus
|c Joint Library Facility
|d Remote Storage
|t 0
|e QZ 267 R295 1986
|h National Library of Medicine classification
|i unmediated -- volume
|m 3238900251987
|
| 998 |
f |
f |
|a QZ 267 R295 1986
|t 0
|l Remote Storage
|